00712cam a22002051 4500001001300000003000400013005001700017008004100034010001700075035001900092040003200111042001200143050002000155100003400175245005000209260007800259300003100337500008800368650005000456pa 56000145 DLC20260227111853.0751124s1956 dcua 000 0 spa c apa 56000145  a(OCoLC)1851475 aPan American UnioncFUdDLC apremarc00aHD7287.7.C6bG62 aGonzález Truque, Guillermo.10aCooperativa de habitación Santa Eduvigis r. a1. Wáshington,bUnión Panamericana [Sección de Cooperativas,c1956] aviii, 48 p.billus.c21cm. a"Estatidos" de lla Cooperativa Santa Eduvigis, responsabilidad limitada: p. 40-48. 0aHousing, CooperativezCosta RicazSan José.